[Event "4NCL"]
[Site "De Vere, Staverton Park, ENG"]
[Date "2011.03.27"]
[Round "8.11"]
[White "Franklin, Samuel GA"]
[Black "Swanson, Stephen"]
[Result "1-0"]
[WhiteElo "2180"]
[BlackElo "2269"]
[PlyCount "59"]
[EventDate "2011.??.??"]
[WhiteTeam "Barbican Youth"]
[BlackTeam "Poisoned Pawns 1"]

1. e4 g6 2. d4 Bg7 3. Nc3 d6 4. f4 a6 5. Nf3 b5 6. Bd3 Nd7 7. a4 b4 8. Ne2 a5
9. c3 bxc3 10. bxc3 Ba6 11. O-O Bxd3 12. Qxd3 e6 13. e5 Ne7 14. Ba3 d5 15. g4
c5 16. Ng3 Rb8 17. f5 Nc6 18. h4 cxd4 19. cxd4 gxf5 20. gxf5 Bh6 21. fxe6 fxe6
22. Nf5 exf5 23. Qxf5 Ne7 24. Qh5+ Ng6 25. Qxh6 Rb3 26. e6 Rxa3 27. exd7+ Qxd7
28. Rxa3 Qg4+ 29. Kh2 Rf8 30. Re3+ 1-0

[Event "4NCL"]
[Site "De Vere, Staverton Park, ENG"]
[Date "2011.03.27"]
[Round "8.12"]
[White "Posazhennikov, Alex"]
[Black "Sen, Subin"]
[Result "1-0"]
[WhiteElo "2233"]
[BlackElo "2150"]
[PlyCount "99"]
[EventDate "2011.??.??"]
[WhiteTeam "Poisoned Pawns 1"]
[BlackTeam "Barbican Youth"]

1. e4 c5 2. Nf3 d6 3. d4 cxd4 4. Nxd4 Nf6 5. Nc3 a6 6. h3 e5 7. Nf3 b5 8. Bg5
Nbd7 9. a4 b4 10. Nd5 Bb7 11. Bc4 Be7 12. Bxf6 Bxf6 13. a5 Nc5 14. Qe2 O-O 15.
O-O Rb8 16. Rfd1 g6 17. Nxb4 Bxe4 18. Nxa6 Bxf3 19. Qxf3 e4 20. Qf4 Nxa6 21.
Rxd6 Qc7 22. Qxf6 Qxc4 23. Rxa6 Rxb2 24. Rc6 Qd5 25. Qxb2 Qxc6 26. a6 Ra8 27.
a7 Qc7 28. Qd4 h5 29. c4 Kh7 30. Qxe4 Rxa7 31. Rxa7 Qxa7 32. Qe5 Kg8 33. c5 Qd7
34. Qe4 Kf8 35. c6 Qc7 36. g3 Qd6 37. Kg2 Qc7 38. Qb4+ Ke8 39. Qb7 Kd8 40. Kf3
f6 41. g4 h4 42. Qxc7+ Kxc7 43. Kf4 Kxc6 44. g5 f5 45. Ke5 Kc5 46. Kf6 Kd5 47.
Kxg6 Ke4 48. Kh5 Kf3 49. g6 Kxf2 50. g7 1-0

[Event "4NCL"]
[Site "De Vere, Staverton Park, ENG"]
[Date "2011.03.27"]
[Round "8.13"]
[White "O'Toole, George E"]
[Black "Harley, Andrew D"]
[Result "0-1"]
[WhiteElo "2152"]
[BlackElo "2202"]
[PlyCount "84"]
[EventDate "2011.??.??"]
[WhiteTeam "Barbican Youth"]
[BlackTeam "Poisoned Pawns 1"]

1. e4 e6 2. d4 d5 3. e5 c5 4. c3 Qb6 5. Nf3 Nc6 6. Be2 cxd4 7. cxd4 Nh6 8. b3
Nf5 9. Bb2 Bb4+ 10. Kf1 O-O 11. Nc3 f6 12. Na4 Qd8 13. a3 Be7 14. g3 fxe5 15.
dxe5 d4 16. Kg2 b5 17. Bxb5 Bb7 18. Re1 Ne3+ 19. fxe3 Nxe5 20. e4 Nxf3 21. Re2
e5 22. Qd3 Qd6 23. Rc1 Rac8 24. Bc4+ Kh8 25. h4 Nxh4+ 26. gxh4 Rf4 27. h5 Rcf8
28. Kg1 Qf6 29. Bd5 Rf1+ 30. Kg2 Rf2+ 31. Rxf2 Qxf2+ 32. Kh1 Rf4 33. Qh3 Rh4
34. Qxh4 Qxh4+ 35. Kg2 Qg4+ 36. Kh2 Bc8 37. Rc7 Qh3+ 38. Kg1 Qg3+ 39. Kf1 Qd3+
40. Kg1 Qe3+ 41. Kh1 Qf3+ 42. Kg1 Bh3 0-1

[Event "4NCL"]
[Site "De Vere, Staverton Park, ENG"]
[Date "2011.03.27"]
[Round "8.14"]
[White "Borman, Philip J"]
[Black "Farrand, Julian T"]
[Result "1/2-1/2"]
[WhiteElo "2216"]
[BlackElo "2086"]
[PlyCount "70"]
[EventDate "2011.??.??"]
[WhiteTeam "Poisoned Pawns 1"]
[BlackTeam "Barbican Youth"]

1. d4 d6 2. Nf3 f5 3. c4 Nf6 4. Nc3 g6 5. e3 Bg7 6. Be2 O-O 7. O-O Nc6 8. a3 e5
9. d5 Ne7 10. b4 a5 11. Bb2 h6 12. Qc2 g5 13. Rfd1 Bd7 14. Nd2 Qe8 15. Nb3 axb4
16. axb4 Qf7 17. Rxa8 Rxa8 18. c5 f4 19. e4 g4 20. cxd6 cxd6 21. Bb5 Ng6 22.
Na5 Bxb5 23. Nxb5 Qd7 24. Qd3 Ne7 25. Rc1 Rc8 26. f3 Rxc1+ 27. Bxc1 h5 28. Na3
Qa4 29. Qb3 Qd7 30. Qc4 gxf3 31. gxf3 Ng6 32. Qb5 Qh3 33. Qf1 Qd7 34. Qb5 Qh3
35. Qf1 Qd7 1/2-1/2

[Event "4NCL"]
[Site "De Vere, Staverton Park, ENG"]
[Date "2011.03.27"]
[Round "8.15"]
[White "Manley, Jon P"]
[Black "McEwan, Ken B"]
[Result "1-0"]
[WhiteElo "2158"]
[BlackElo "2139"]
[PlyCount "89"]
[EventDate "2011.??.??"]
[WhiteTeam "Barbican Youth"]
[BlackTeam "Poisoned Pawns 1"]

1. e4 c5 2. Nc3 d6 3. f4 Nc6 4. Nf3 g6 5. Bc4 Bg7 6. O-O e6 7. d3 Nge7 8. Qe1
a6 9. a3 Nd4 10. Nxd4 Bxd4+ 11. Kh1 b5 12. Ba2 Bb7 13. e5 d5 14. Ne2 Nf5 15.
Rf3 c4 16. c3 Bb6 17. d4 h5 18. Rh3 Kd7 19. Bb1 Nh6 20. Ng1 Qe7 21. Nf3 a5 22.
Bd2 a4 23. Bc2 Rag8 24. Qe2 Bd8 25. Be1 Qe8 26. Bh4 Bxh4 27. Rxh4 Kc8 28. Kg1
Bc6 29. Kf1 Qe7 30. Rh3 Bd7 31. Kg1 f5 32. exf6 Qxf6 33. Ne5 Nf7 34. Rg3 g5 35.
Nxf7 Qxf7 36. fxg5 h4 37. g6 Qe7 38. Rf3 Be8 39. Qe5 Rh6 40. Rf6 Rgxg6 41. Bxg6
Rxg6 42. Raf1 Kd7 43. h3 Rg7 44. Rxe6 Qxe6 45. Qxg7+ 1-0

[Event "4NCL"]
[Site "De Vere, Staverton Park, ENG"]
[Date "2011.03.27"]
[Round "8.16"]
[White "Rosen, Daniel B"]
[Black "Sanders, Isaac B"]
[Result "1-0"]
[WhiteElo "2125"]
[BlackElo "2015"]
[PlyCount "67"]
[EventDate "2011.??.??"]
[WhiteTeam "Poisoned Pawns 1"]
[BlackTeam "Barbican Youth"]

1. e4 c5 2. Nc3 d6 3. f4 Nc6 4. Bb5 Bd7 5. Nf3 a6 6. Bxc6 Bxc6 7. d3 e6 8. O-O
Qd7 9. Qe1 O-O-O 10. a3 f6 11. b4 h6 12. bxc5 dxc5 13. Be3 g5 14. Nd2 Qc7 15.
Qf2 gxf4 16. Bxc5 Bxc5 17. Qxc5 e5 18. Nc4 Kb8 19. Rab1 Ne7 20. Rb6 Nc8 21. Rb4
Rhg8 22. Na5 Bb5 23. Qxc7+ Kxc7 24. Nd5+ Rxd5 25. exd5 b6 26. Nc4 Bxc4 27.
Rxc4+ Kd6 28. Rc6+ Kxd5 29. Rxf6 Ne7 30. Kf2 b5 31. Re1 Rc8 32. Re2 a5 33. Rb6
Rc5 34. Rxb5 1-0

[Event "4NCL"]
[Site "De Vere, Staverton Park, ENG"]
[Date "2011.03.27"]
[Round "8.21"]
[White "Williams, Simon K"]
[Black "Lock, Gavin R"]
[Result "1-0"]
[WhiteElo "2507"]
[BlackElo "2192"]
[PlyCount "67"]
[EventDate "2011.??.??"]
[WhiteTeam "Jutes of Kent"]
[BlackTeam "Wessex 1"]

1. d4 d5 2. c4 c6 3. Nc3 Nf6 4. Nf3 dxc4 5. a4 Bf5 6. Ne5 Nbd7 7. Nxc4 Qc7 8.
g3 e5 9. dxe5 Nxe5 10. Bf4 Nfd7 11. Bg2 g5 12. Ne3 gxf4 13. Nxf5 O-O-O 14. Qc2
Nc5 15. O-O Ne6 16. Rfc1 fxg3 17. hxg3 a5 18. Nb5 cxb5 19. Qb3 Bc5 20. Qxb5 Nc6
21. Rxc5 Nxc5 22. Qxc5 Qe5 23. Qc2 Kb8 24. Bxc6 bxc6 25. Ra3 Qd5 26. Rd3 Qe6
27. Nd4 Rxd4 28. Rxd4 h5 29. Qc5 h4 30. Rd6 Qxe2 31. Qb6+ Ka8 32. Qxc6+ Kb8 33.
Qb6+ Ka8 34. Qxa5+ 1-0

[Event "4NCL"]
[Site "De Vere, Staverton Park, ENG"]
[Date "2011.03.27"]
[Round "8.22"]
[White "Yeo, Michael J"]
[Black "Dickenson, Neil F"]
[Result "0-1"]
[WhiteElo "2172"]
[BlackElo "2313"]
[PlyCount "62"]
[EventDate "2011.??.??"]
[WhiteTeam "Wessex 1"]
[BlackTeam "Jutes of Kent"]

1. e4 e6 2. d4 d5 3. Nc3 Bb4 4. exd5 exd5 5. Bd3 Nc6 6. a3 Bxc3+ 7. bxc3 Nf6 8.
Bg5 O-O 9. Qf3 Qe8+ 10. Ne2 Bg4 11. Qe3 Bxe2 12. Qxe2 Qxe2+ 13. Bxe2 Ne4 14.
Bd2 Na5 15. f3 Nd6 16. Bf4 Rad8 17. Kf2 c6 18. Rhe1 Rfe8 19. Bxd6 Rxd6 20. Bd3
Rde6 21. Rxe6 Rxe6 22. Re1 Rxe1 23. Kxe1 b5 24. Ke2 g6 25. Ke3 Kg7 26. g4 g5
27. h4 gxh4 28. Kf2 Nc4 29. Bxc4 bxc4 30. Kg2 Kg6 31. f4 f5 0-1

[Event "4NCL"]
[Site "De Vere, Staverton Park, ENG"]
[Date "2011.03.27"]
[Round "8.24"]
[White "Simons, Martin J"]
[Black "Mack, Andrew L"]
[Result "1/2-1/2"]
[WhiteElo "2186"]
[BlackElo "2203"]
[PlyCount "52"]
[EventDate "2011.??.??"]
[WhiteTeam "Wessex 1"]
[BlackTeam "Jutes of Kent"]

1. d4 Nf6 2. Nf3 g6 3. Nc3 d5 4. Bf4 Bg7 5. e3 O-O 6. Be2 c5 7. h3 Nc6 8. Ne5
Nd7 9. Nxc6 bxc6 10. O-O cxd4 11. exd4 Qb6 12. Be3 Qxb2 13. Qd2 Qa3 14. Rab1
Qd6 15. Na4 e5 16. dxe5 Bxe5 17. Bd4 Bxd4 18. Qxd4 c5 19. Qc3 Ba6 20. Bxa6 Qxa6
21. Nxc5 Nxc5 22. Qxc5 Qxa2 23. Ra1 Qc4 24. Qxc4 dxc4 25. Ra4 Rfc8 26. Rd1 Rc7
1/2-1/2

[Event "4NCL"]
[Site "De Vere, Staverton Park, ENG"]
[Date "2011.03.27"]
[Round "8.25"]
[White "Harakis, Alexis M"]
[Black "Jenks, Bruce"]
[Result "1/2-1/2"]
[WhiteElo "2205"]
[BlackElo "2123"]
[PlyCount "72"]
[EventDate "2011.??.??"]
[WhiteTeam "Jutes of Kent"]
[BlackTeam "Wessex 1"]

1. d4 Nf6 2. c4 c5 3. d5 b5 4. cxb5 a6 5. f3 e6 6. e4 exd5 7. e5 Qe7 8. Qe2 Ng8
9. Nc3 Qe6 10. Nh3 d6 11. Ng5 Qxe5 12. Nxd5 Ra7 13. b6 Re7 14. Nxe7 Bxe7 15.
Qxe5 dxe5 16. Bc4 Bxg5 17. Bxg5 Nd7 18. O-O-O h6 19. Bxf7+ Kxf7 20. Rxd7+ Bxd7
21. Rd1 hxg5 22. Rxd7+ Ne7 23. Ra7 Rb8 24. Rxa6 Nc8 25. Ra5 Nxb6 26. Rxc5 Rc8
27. Rxc8 Nxc8 28. Kd2 Ke6 29. Kd3 Kd5 30. a4 Nd6 31. b4 Nf5 32. a5 Nh4 33. a6
Kc6 34. b5+ Kb6 35. Ke4 Nxg2 36. Kxe5 Nh4 1/2-1/2

[Event "4NCL"]
[Site "De Vere, Staverton Park, ENG"]
[Date "2011.03.27"]
[Round "8.26"]
[White "de Coverly, Roger D"]
[Black "Rich, Mark C"]
[Result "1/2-1/2"]
[WhiteElo "2068"]
[BlackElo "2116"]
[PlyCount "40"]
[EventDate "2011.??.??"]
[WhiteTeam "Wessex 1"]
[BlackTeam "Jutes of Kent"]

1. e4 c5 2. Nf3 a6 3. c4 d6 4. d4 Bg4 5. d5 Nf6 6. Nc3 g6 7. h3 Bxf3 8. Qxf3
Bg7 9. Qe2 Nbd7 10. g4 O-O 11. Bg2 b5 12. cxb5 axb5 13. Qxb5 Rb8 14. Qe2 Qa5
15. O-O Rfc8 16. Kh1 c4 17. f4 Ne8 18. e5 dxe5 19. fxe5 Bxe5 20. Bf4 f6 1/2-1/2

[Event "4NCL"]
[Site "De Vere, Staverton Park, ENG"]
[Date "2011.03.27"]
[Round "8.28"]
[White "Moore, Gillian A"]
[Black "Wilson, Alexandra"]
[Result "0-1"]
[WhiteElo "1821"]
[BlackElo "2042"]
[PlyCount "106"]
[EventDate "2011.??.??"]
[WhiteTeam "Wessex 1"]
[BlackTeam "Jutes of Kent"]

1. d4 e6 2. c4 b6 3. Nf3 Bb7 4. e3 f5 5. Bd3 Nf6 6. O-O Be7 7. Nc3 O-O 8. Qe2
Qe8 9. b3 d6 10. Bb2 Nbd7 11. h3 Ne4 12. Bxe4 fxe4 13. Nd2 d5 14. Nb5 Qd8 15.
Rac1 a6 16. Nc3 Bd6 17. f4 c5 18. g3 cxd4 19. exd4 Qf6 20. Nd1 Qg6 21. Qg4 Qf7
22. Ne3 Nf6 23. Qe2 Nh5 24. Kh2 Qg6 25. Rg1 Nxf4 26. gxf4 Bxf4+ 27. Kh1 Qh6 28.
Ng4 Qxh3+ 29. Nh2 Bxd2 30. Qxd2 e3 31. Qg2 Qxg2+ 32. Kxg2 Rf2+ 33. Kh3 Rxb2 34.
c5 bxc5 35. Rxc5 Rc8 36. Rgc1 Rxc5 37. dxc5 d4 38. c6 Bc8 39. Ng4 Kf7 40. Ne5+
Ke7 41. Nc4 e5+ 42. Kg3 Rxa2 43. Nxe5 Kd6 44. Nd3 Rd2 45. Nc5 Kc7 46. Ne4 Rb2
47. Nc5 e2 48. Kf2 Rd2 49. Rc4 d3 50. b4 Rd1 51. Nxd3 Rxd3 52. Kxe2 Rd6 53. Re4
Re6 0-1

[Event "4NCL"]
[Site "De Vere, Staverton Park, ENG"]
[Date "2011.03.27"]
[Round "8.31"]
[White "Munson, Shaun D"]
[Black "Granat, Russell G"]
[Result "1-0"]
[WhiteElo "2201"]
[BlackElo "2243"]
[PlyCount "85"]
[EventDate "2011.??.??"]
[WhiteTeam "Anglian Avengers 1"]
[BlackTeam "Guildford A&DC 2"]

1. d4 d5 2. Nc3 Nf6 3. Bg5 Bf5 4. e3 c6 5. Bd3 Ne4 6. Bxe4 Bxe4 7. Nxe4 dxe4 8.
Qd2 Nd7 9. f3 Qb6 10. O-O-O f6 11. Bf4 exf3 12. Nxf3 e6 13. Qc3 Qb5 14. e4 Nb6
15. Qb3 Qxb3 16. axb3 Be7 17. Rhe1 Kf7 18. c4 a5 19. Kc2 Bb4 20. Rf1 a4 21. Bc7
Nd7 22. bxa4 Rxa4 23. Ra1 Rxa1 24. Rxa1 Rc8 25. Bg3 b6 26. Ra7 Ke8 27. Ra4 Be7
28. Ra7 g5 29. Kc3 c5 30. d5 e5 31. h4 g4 32. Nh2 h5 33. Nf1 Kd8 34. Ne3 Bf8
35. Nf5 Rc7 36. Rxc7 Kxc7 37. Bf2 Nb8 38. Ng3 Nd7 39. Nxh5 f5 40. exf5 Kd6 41.
Be3 b5 42. b3 Nb6 43. Nf6 1-0

[Event "4NCL"]
[Site "De Vere, Staverton Park, ENG"]
[Date "2011.03.27"]
[Round "8.32"]
[White "Osborne, Marcus E"]
[Black "Talsma, Paul A"]
[Result "1/2-1/2"]
[WhiteElo "2231"]
[BlackElo "2260"]
[PlyCount "53"]
[EventDate "2011.??.??"]
[WhiteTeam "Guildford A&DC 2"]
[BlackTeam "Anglian Avengers 1"]

1. d4 f5 2. Bg5 h6 3. Bf4 Nf6 4. e3 e6 5. Be2 Be7 6. Bh5+ Kf8 7. Bg6 d6 8. Qf3
Bd7 9. Nc3 Bc6 10. Qh3 b5 11. Nf3 Nbd7 12. d5 Bxd5 13. Ng5 hxg5 14. Qxh8+ Ng8
15. Nxd5 exd5 16. Bg3 Bf6 17. O-O-O Bxb2+ 18. Kxb2 Qf6+ 19. Kc1 Qxg6 20. h4 g4
21. Rxd5 Qf6 22. Rhd1 Nb6 23. R5d4 Rd8 24. R1d3 Nc4 25. Bf4 Qe6 26. h5 Rd7 27.
Qh7 1/2-1/2

[Event "4NCL"]
[Site "De Vere, Staverton Park, ENG"]
[Date "2011.03.27"]
[Round "8.33"]
[White "Tozer, Philip AA"]
[Black "Meyer, Gordon"]
[Result "0-1"]
[WhiteElo "2151"]
[BlackElo "2166"]
[PlyCount "84"]
[EventDate "2011.??.??"]
[WhiteTeam "Anglian Avengers 1"]
[BlackTeam "Guildford A&DC 2"]

1. c4 g6 2. g3 Bg7 3. Bg2 Nf6 4. Nc3 O-O 5. e4 d6 6. Nge2 c6 7. O-O Be6 8. d3
Qc8 9. Nf4 Bg4 10. f3 Bd7 11. d4 c5 12. d5 Na6 13. Be3 Nc7 14. a4 b6 15. Nd3 e5
16. b4 Nfe8 17. Qd2 f5 18. a5 Rf7 19. Ra3 b5 20. bxc5 dxc5 21. cxb5 Nd6 22.
Raa1 Nc4 23. Qe2 Nxb5 24. Nxb5 Bxb5 25. Bxc5 Nb2 26. Qxb2 Bxd3 27. Rfc1 fxe4
28. fxe4 Bh6 29. Rc3 Qa6 30. Rd1 Be2 31. Re1 Bb5 32. Rb3 Be8 33. Ra1 Rc8 34.
Rb8 Rxc5 35. Rxe8+ Bf8 36. Qxe5 Qe2 37. Qe6 Rc2 38. Qh3 Qe3+ 39. Kh1 Rc1+ 40.
Rxc1 Qxc1+ 41. Bf1 Rxf1+ 42. Kg2 Rf7 0-1

[Event "4NCL"]
[Site "De Vere, Staverton Park, ENG"]
[Date "2011.03.27"]
[Round "8.35"]
[White "Spence, David J"]
[Black "Singleton, Michael PF"]
[Result "1/2-1/2"]
[WhiteElo "2207"]
[BlackElo "2162"]
[PlyCount "55"]
[EventDate "2011.??.??"]
[WhiteTeam "Anglian Avengers 1"]
[BlackTeam "Guildford A&DC 2"]

1. e4 c5 2. c3 d5 3. exd5 Qxd5 4. d4 cxd4 5. cxd4 Nc6 6. Nf3 e5 7. Nc3 Bb4 8.
Bd2 Bxc3 9. Bxc3 e4 10. Nd2 Nf6 11. Bc4 Qg5 12. d5 Ne5 13. Bb5+ Bd7 14. Bxd7+
Nexd7 15. O-O O-O 16. d6 Rfe8 17. Nc4 b6 18. Bxf6 Qxf6 19. Qd5 Qe6 20. Qd4 Rad8
21. Rfd1 f5 22. b4 Kf7 23. a4 Ne5 24. Nxe5+ Qxe5 25. Qc4+ Qe6 26. Qc6 Rd7 27.
a5 bxa5 28. Rxa5 1/2-1/2

[Event "4NCL"]
[Site "De Vere, Staverton Park, ENG"]
[Date "2011.03.27"]
[Round "8.36"]
[White "Stimpson, Philip M"]
[Black "Gregory, Stephen J"]
[Result "0-1"]
[WhiteElo "2095"]
[BlackElo "2099"]
[PlyCount "72"]
[EventDate "2011.??.??"]
[WhiteTeam "Guildford A&DC 2"]
[BlackTeam "Anglian Avengers 1"]

1. e4 d6 2. d4 Nf6 3. Nc3 g6 4. Nf3 Bg7 5. h3 O-O 6. Be3 Nc6 7. Be2 Nd7 8. Bb5
e5 9. Bxc6 bxc6 10. dxe5 Nxe5 11. Nxe5 Bxe5 12. Qd2 Rb8 13. O-O-O a5 14. f4 Bg7
15. e5 Re8 16. Rhe1 Be6 17. exd6 cxd6 18. Bd4 d5 19. Bxg7 Kxg7 20. Qd4+ Qf6 21.
Qxf6+ Kxf6 22. Rd4 Rb4 23. Red1 Reb8 24. Na4 h5 25. b3 Rxd4 26. Rxd4 Rb5 27.
Nc3 Rb4 28. Rxb4 axb4 29. Na4 Kf5 30. Nc5 Kxf4 31. Nd3+ Kg3 32. Nxb4 Kxg2 33.
Nxc6 Kxh3 34. a4 h4 35. a5 Bc8 36. Nd4 Kg4 0-1

[Event "4NCL"]
[Site "De Vere, Staverton Park, ENG"]
[Date "2011.03.27"]
[Round "8.37"]
[White "Gray, Mark S"]
[Black "Punnett, Alan K"]
[Result "1/2-1/2"]
[WhiteElo "2084"]
[BlackElo "2063"]
[PlyCount "65"]
[EventDate "2011.??.??"]
[WhiteTeam "Anglian Avengers 1"]
[BlackTeam "Guildford A&DC 2"]

1. e4 e6 2. d4 d5 3. Nd2 Be7 4. e5 c5 5. Qg4 Kf8 6. dxc5 Nc6 7. Qg3 Nh6 8. Bd3
Bxc5 9. Nb3 Be7 10. Bxh6 gxh6 11. Nf3 Nb4 12. O-O Nxd3 13. cxd3 Rg8 14. Qh3 Rg6
15. Rac1 Bd7 16. Nbd4 Rc8 17. Ne2 Bb5 18. Nf4 Kg7 19. Nxg6 hxg6 20. Nd4 Ba6 21.
Nb3 Bg5 22. Rxc8 Qxc8 23. f4 Bd8 24. Rc1 Bb6+ 25. Kh1 Qf8 26. Qg3 Qb4 27. d4
Bc4 28. Rc3 Qa4 29. h4 Qxa2 30. h5 Qxb2 31. hxg6 fxg6 32. Qh4 Qxc3 33. Qe7+
1/2-1/2

[Event "4NCL"]
[Site "De Vere, Staverton Park, ENG"]
[Date "2011.03.27"]
[Round "8.38"]
[White "Dines, Sheila J"]
[Black "Merry, Alan B"]
[Result "1/2-1/2"]
[WhiteElo "1900"]
[BlackElo "1979"]
[PlyCount "64"]
[EventDate "2011.??.??"]
[WhiteTeam "Guildford A&DC 2"]
[BlackTeam "Anglian Avengers 1"]

1. e4 Nc6 2. d4 e5 3. dxe5 Nxe5 4. Nf3 Qf6 5. Nxe5 Qxe5 6. Bd3 Bb4+ 7. c3 Bc5
8. O-O Nf6 9. Nd2 O-O 10. Kh1 d5 11. f4 Qe7 12. e5 Ng4 13. Qe1 f6 14. h3 Nh6
15. Nb3 Bb6 16. Nd4 fxe5 17. fxe5 Rxf1+ 18. Qxf1 Nf7 19. Bf4 Bxd4 20. cxd4 Be6
21. Qf2 c6 22. Qg3 Rf8 23. Bd2 Nh8 24. a3 Rf7 25. Bg5 Qc7 26. Qh4 Ng6 27. Bxg6
hxg6 28. Bd8 Qd7 29. Kg1 c5 30. dxc5 Qb5 31. Qd4 Qe2 32. Bh4 Rf5 1/2-1/2

[Event "4NCL"]
[Site "De Vere, Staverton Park, ENG"]
[Date "2011.03.27"]
[Round "8.41"]
[White "Jones, Richard S"]
[Black "Rudd, Jack"]
[Result "1-0"]
[WhiteElo "2369"]
[BlackElo "2295"]
[PlyCount "69"]
[EventDate "2011.??.??"]
[WhiteTeam "Rhyfelwyr Essyllwg"]
[BlackTeam "Bristol 1"]

1. e4 e6 2. d4 d5 3. Nc3 Nf6 4. e5 Nfd7 5. f4 c5 6. Nf3 Nc6 7. Be3 cxd4 8. Nxd4
a6 9. Qd2 Qc7 10. Bd3 g5 11. g3 gxf4 12. gxf4 Nc5 13. O-O-O Nxd4 14. Bxd4 b5
15. Kb1 Bb7 16. Rhg1 O-O-O 17. Qe3 Nd7 18. Ne2 Kb8 19. c3 Rc8 20. f5 Qd8 21.
Qh3 Nc5 22. Bc2 Rc6 23. fxe6 fxe6 24. Nf4 Be7 25. Rg7 Na4 26. Rxe7 Qxe7 27. Ng6
hxg6 28. Qxh8+ Rc8 29. Qf6 Qd7 30. Qxg6 a5 31. Qh7 Qc6 32. Qe7 Rh8 33. Qd6+ Kc8
34. Qxc6+ Bxc6 35. b3 1-0

[Event "4NCL"]
[Site "De Vere, Staverton Park, ENG"]
[Date "2011.03.27"]
[Round "8.42"]
[White "Beaumont, Chris R"]
[Black "Kett, Timothy J"]
[Result "1-0"]
[WhiteElo "2308"]
[BlackElo "2202"]
[PlyCount "75"]
[EventDate "2011.??.??"]
[WhiteTeam "Bristol 1"]
[BlackTeam "Rhyfelwyr Essyllwg"]

1. Nf3 d5 2. c4 d4 3. g3 g6 4. Bg2 Bg7 5. d3 a5 6. O-O Nc6 7. Na3 e5 8. e3 dxe3
9. Bxe3 Nge7 10. Nb5 O-O 11. Bc5 Bf5 12. d4 e4 13. Ng5 b6 14. Ba3 Nxd4 15. Nxe4
c5 16. Ned6 Nxb5 17. Nxb5 Qxd1 18. Raxd1 Rad8 19. b3 Bd3 20. Rfe1 Nf5 21. Bc1
a4 22. Bg5 f6 23. Bf4 axb3 24. axb3 Bc2 25. Rxd8 Rxd8 26. Bd5+ Kf8 27. Bc7 Re8
28. Rc1 Bxb3 29. Bxb6 Rc8 30. Na7 Rb8 31. Bxc5+ Ke8 32. Re1+ Kd7 33. Be6+ Kc7
34. Bxf5 Bf8 35. Bxf8 Rxf8 36. Nb5+ Kb6 37. Bd3 Rd8 38. Bf1 1-0

[Event "4NCL"]
[Site "De Vere, Staverton Park, ENG"]
[Date "2011.03.27"]
[Round "8.43"]
[White "Morris, Gareth L"]
[Black "Buckley, David E"]
[Result "1-0"]
[WhiteElo "2131"]
[BlackElo "2237"]
[PlyCount "53"]
[EventDate "2011.??.??"]
[WhiteTeam "Rhyfelwyr Essyllwg"]
[BlackTeam "Bristol 1"]

1. d4 Nf6 2. c4 e6 3. Nc3 Bb4 4. e3 c5 5. Nge2 b6 6. a3 Ba5 7. Rb1 Na6 8. g3
Bb7 9. d5 exd5 10. Bg2 O-O 11. cxd5 b5 12. O-O b4 13. Na4 Re8 14. Qd3 Rc8 15.
b3 bxa3 16. Bxa3 Nb4 17. Bxb4 cxb4 18. Rbc1 d6 19. e4 Qd7 20. h3 a6 21. Nd4
Rxc1 22. Rxc1 Rc8 23. Rc4 Qe8 24. Nf5 Rd8 25. Qe3 Qd7 26. Nxg7 Nxd5 27. exd5
1-0

[Event "4NCL"]
[Site "De Vere, Staverton Park, ENG"]
[Date "2011.03.27"]
[Round "8.44"]
[White "Collier, David O"]
[Black "Trevelyan, John"]
[Result "1/2-1/2"]
[WhiteElo "2098"]
[BlackElo "2121"]
[PlyCount "36"]
[EventDate "2011.??.??"]
[WhiteTeam "Bristol 1"]
[BlackTeam "Rhyfelwyr Essyllwg"]

1. Nf3 d6 2. d4 Nc6 3. d5 Ne5 4. e4 Nxf3+ 5. Qxf3 g6 6. Qb3 a6 7. c4 Bg7 8. Nc3
Nf6 9. Be2 O-O 10. O-O c5 11. h3 Ne8 12. Be3 Nc7 13. Rad1 e5 14. Na4 b5 15. Nb6
Rb8 16. Nxc8 Qxc8 17. Qc2 f5 18. f3 f4 1/2-1/2

[Event "4NCL"]
[Site "De Vere, Staverton Park, ENG"]
[Date "2011.03.27"]
[Round "8.45"]
[White "Garcia, Jason"]
[Black "Dilleigh, Stephen P"]
[Result "1-0"]
[WhiteElo "2010"]
[BlackElo "2098"]
[PlyCount "77"]
[EventDate "2011.??.??"]
[WhiteTeam "Rhyfelwyr Essyllwg"]
[BlackTeam "Bristol 1"]

1. e4 e6 2. d4 d5 3. Nc3 Nf6 4. e5 Nfd7 5. f4 c5 6. Nf3 Nc6 7. Be3 Be7 8. Qd2
O-O 9. Be2 b6 10. Nd1 cxd4 11. Nxd4 Nxd4 12. Bxd4 f6 13. exf6 Nxf6 14. Nf2 Bd6
15. O-O-O Qc7 16. g3 Bb7 17. Bd3 Rae8 18. Rhe1 e5 19. fxe5 Bxe5 20. Bb5 Re7 21.
Bxe5 Rxe5 22. Rxe5 Qxe5 23. Nd3 Qf5 24. Nf4 Kh8 25. Re1 Rc8 26. Re7 Rb8 27. Qd4
Qg5 28. Kb1 Ng4 29. Qb4 Qf6 30. a3 g6 31. Re6 Qf7 32. h3 Nh6 33. Qd6 Qf8 34.
Qe5+ Kg8 35. Nxd5 Bxd5 36. Qxd5 Nf7 37. Bc4 Qd8 38. Qxd8+ Rxd8 39. Re7 1-0

[Event "4NCL"]
[Site "De Vere, Staverton Park, ENG"]
[Date "2011.03.27"]
[Round "8.46"]
[White "Curtis, John E"]
[Black "Davies, Matthew"]
[Result "1/2-1/2"]
[WhiteElo "2123"]
[BlackElo "1986"]
[PlyCount "64"]
[EventDate "2011.??.??"]
[WhiteTeam "Bristol 1"]
[BlackTeam "Rhyfelwyr Essyllwg"]

1. d4 d5 2. Nf3 Nf6 3. e3 Bf5 4. c4 c6 5. Bd3 Bxd3 6. Qxd3 e6 7. Nc3 Nbd7 8.
O-O Bd6 9. e4 dxe4 10. Nxe4 Nxe4 11. Qxe4 Nf6 12. Qe2 O-O 13. Rd1 Re8 14. Ne5
Qc7 15. b3 Rad8 16. Bb2 Nd7 17. Rd3 Nxe5 18. dxe5 Bf8 19. Rad1 Rxd3 20. Rxd3
Rd8 21. Bc3 Be7 22. Kf1 Rxd3 23. Qxd3 h6 24. Ke2 b5 25. Qe4 Qb6 26. cxb5 Qxb5+
27. Qd3 Qd5 28. f3 Bc5 29. Qc4 Bb6 30. Qb4 Bc7 31. Qd4 Bb6 32. Qb4 Bc7 1/2-1/2